| 000 | 00648nam a22001937a 4500 | ||
|---|---|---|---|
| 005 | 20241023154206.0 | ||
| 010 | _aENG-142303 | ||
| 020 |
_c1795.00 _a9788195116171 |
||
| 035 | _aEN-125835 | ||
| 037 | _bDBAD | ||
| 082 |
_a954.01 _21 |
||
| 100 |
_aBalkhande, Sukhadev _973282 |
||
| 245 |
_aHistory of Ancient India: _bUpto 647 A.D./ _cby Sukhadev Balkhande |
||
| 250 | _a1 | ||
| 260 |
_aJaipur _bApex Publication _c2021 |
||
| 270 |
_bJaipur _a118, Chitragupt Nagar First, Imali Phatak Lalkothi, Gandhi Nagar _e302015 _mapexpublicationjpr@gmail.com _k7891981213 |
||
| 300 |
_ax,308p. _c24cm(hb) |
||
| 942 |
_2ddc _cEN _h954.01 _mBAL _e1 |
||
| 999 |
_c206647 _d206647 |
||